[Event "Mechanics' Summer TNM; G/2"]
[Site "San Francisco"]
[Date "2016.06.07"]
[Round "3.6"]
[White "Harmon, Frederick"]
[Black "Viswanath, Ganesh"]
[Result "0-1"]
[WhiteElo "1766"]
[BlackElo "2082"]
[Annotator "Donaldson"]
[PlyCount "43"]
[EventDate "2016.??.??"]

1. d4 Nf6 2. c4 e6 3. Nc3 Bb4 4. Bg5 c5 5. dxc5 $6 (5. d5) 5... Na6 6. Bd2 Nxc5
7. Nf3 O-O 8. Ne5 Bxc3 9. Bxc3 Nce4 10. Qd4 Nxc3 11. Qxc3 Ne4 12. Qa3 d5 13. c5
Qf6 14. Nd3 Bd7 15. g3 b6 16. f3 Nxc5 17. Nxc5 bxc5 18. Qxc5 Qxb2 19. Qc1 Qe5
20. Bg2 Rfc8 21. Qd1 {Diagram [#]} Ba4 $1 22. Qb1 {
22...Rc2 and 22...Rab8 are both reasons White's resignation was not premature.}
0-1

[Event "Mechanics' Spring TNM; G/2"]
[Site "San Francisco"]
[Date "2016.05.03"]
[Round "8.19"]
[White "Harmon, Fredrick G"]
[Black "Andries, W Craig"]
[Result "0-1"]
[WhiteElo "1812"]
[BlackElo "1862"]
[PlyCount "62"]
[EventDate "2016.??.??"]

1. e4 g6 2. d4 Bg7 3. Nf3 d6 4. h3 a6 5. c3 Nc6 6. Bd3 e5 7. Be3 Nf6 8. O-O O-O
9. d5 Ne7 10. Qc1 Bd7 11. Bh6 c6 12. Bxg7 Kxg7 13. c4 cxd5 14. cxd5 Rc8 15. Qe3
Nh5 16. Re1 Nf4 17. Bf1 h6 18. Nc3 b5 19. a3 Qc7 20. Rac1 Qb7 21. Na2 f5 22.
Nc3 a5 23. g3 Nh5 24. Qd2 b4 25. axb4 axb4 26. Na2 fxe4 27. Nh2 Rxc1 28. Rxc1
Qb6 29. Kg2 Nxd5 30. Bc4 e3 31. fxe3 Nxe3+ 0-1

[Event "Mechanics' Winter TNM; G/2"]
[Site "San Francisco"]
[Date "2016.02.23"]
[Round "8.32"]
[White "Harmon, Fredrick G"]
[Black "MacIntyre, Brendan"]
[Result "1-0"]
[WhiteElo "1812"]
[BlackElo "1500"]
[PlyCount "63"]
[EventDate "2016.??.??"]

1. c4 Nf6 2. Nc3 e6 3. d4 d5 4. Bg5 Be7 5. e3 O-O 6. Nf3 Nc6 7. Be2 b6 8. O-O
Bb7 9. Rc1 dxc4 10. Bxc4 Nb4 11. a3 Nbd5 12. Nxd5 Nxd5 13. Bxd5 Bxd5 14. Bxe7
Qxe7 15. Re1 Rad8 16. e4 Bb7 17. Qc2 c6 18. Qc3 Qd6 19. Rcd1 Qf4 20. Qe3 Qxe3
21. fxe3 f6 22. b4 Rd7 23. Rc1 Rfd8 24. e5 Kf7 25. Rf1 Ba6 26. Rf2 Bb7 27. exf6
Rd5 28. Ne5+ Kg8 29. fxg7 Rxe5 30. Rf8+ Kxg7 31. Rxd8 Rxe3 32. Rd7+ 1-0

[Event "Mechanics' Spring TNM; G/2"]
[Site "San Francisco"]
[Date "2016.04.19"]
[Round "6.11"]
[White "Harmon, Fredrick G"]
[Black "Rudyak, Felix"]
[Result "1/2-1/2"]
[WhiteElo "1812"]
[BlackElo "1953"]
[PlyCount "95"]
[EventDate "2016.??.??"]

1. d4 d5 2. Nc3 Nf6 3. Nf3 g6 4. Bf4 c6 5. h3 Bg7 6. e3 O-O 7. Bd3 Qb6 8. Na4
Qb4+ 9. c3 Qa5 10. b4 Qd8 11. O-O Nbd7 12. Qc1 Re8 13. Ne5 Nh5 14. Bh2 Bxe5 15.
dxe5 b5 16. Nb2 a6 17. Be2 Ng7 18. Nd3 Bb7 19. Bg4 e6 20. Rd1 Rc8 21. e4 c5 22.
exd5 Bxd5 23. a3 Qe7 24. Qe3 h5 25. Bf3 Nf5 26. Qe2 Qg5 27. Bxd5 exd5 28. Ne1
d4 29. Nf3 Qe7 30. cxd4 cxd4 31. Nxd4 Nxd4 32. Rxd4 Nb6 33. Qd1 Rc6 34. Rd6
Rec8 35. Rxc6 Rxc6 36. Rc1 Nc4 37. Qd4 Re6 38. Rc3 Kh7 39. g4 Nxe5 40. Bxe5
Rxe5 41. Re3 Rxe3 42. fxe3 hxg4 43. hxg4 Qe6 44. Kg2 Qa2+ 45. Kf3 Qxa3 46. Qd5
Qxb4 47. Qxf7+ Kh6 48. Qf6 1/2-1/2

[Event "Mechanics' Winter TNM; G/2"]
[Site "San Francisco"]
[Date "2016.02.02"]
[Round "5.37"]
[White "Harmon, Fredrick G"]
[Black "Tan, Jacky T"]
[Result "1-0"]
[WhiteElo "1812"]
[BlackElo "1327"]
[PlyCount "23"]
[EventDate "2016.??.??"]

1. c4 Nf6 2. Nf3 e6 3. Nc3 d5 4. cxd5 exd5 5. e3 Be7 6. Be2 O-O 7. O-O c5 8. d4
Nc6 9. a3 c4 10. b3 Qa5 11. Bd2 b5 12. Nxd5 1-0

[Event "Mechanics' Spring TNM; G/2"]
[Site "San Francisco"]
[Date "2016.04.05"]
[Round "4.8"]
[White "Harmon, Fredrick G"]
[Black "Traub, Igor Vladim"]
[Result "0-1"]
[WhiteElo "1812"]
[BlackElo "2136"]
[PlyCount "88"]
[EventDate "2016.??.??"]

1. e4 d5 2. e5 c5 3. f4 Nc6 4. Nf3 Bg4 5. Be2 e6 6. c3 Nh6 7. O-O Be7 8. d4
Bxf3 9. Bxf3 cxd4 10. cxd4 Nf5 11. Qa4 O-O 12. Nc3 Nfxd4 13. Ne2 b5 14. Qd1
Nxf3+ 15. Rxf3 f6 16. exf6 Bxf6 17. a3 Rc8 18. Rb1 a5 19. Rh3 g6 20. Be3 Qd6
21. Qd2 b4 22. Rc1 Ne7 23. g4 bxa3 24. bxa3 Qxa3 25. Rxc8 Rxc8 26. Kg2 Qa4 27.
Bf2 Qe4+ 28. Kf1 Rc2 29. Qe3 Qxe3 30. Rxe3 Kf7 31. Ra3 Nc6 32. Bb6 Be7 33. Ra4
Bb4 34. h4 Rc4 35. Kg2 h5 36. g5 e5 37. Kf3 Ke6 38. Ra1 e4+ 39. Kg3 d4 40. Rf1
Kf5 41. Kh3 Ke6 42. Ng3 Rc3 43. Kg2 Rc2+ 44. Kh3 e3 0-1

[Event "Mechanics' Winter TNM; G/2"]
[Site "San Francisco"]
[Date "2016.01.05"]
[Round "1.20"]
[White "Harris, Clarence"]
[Black "Anderson, Michael"]
[Result "0-1"]
[WhiteElo "1478"]
[BlackElo "1946"]
[Annotator "Donaldson"]
[PlyCount "54"]
[EventDate "2016.??.??"]

1. e4 c5 2. Nc3 g6 3. g3 Bg7 4. Bg2 Nc6 5. f4 d6 6. Nf3 e6 7. O-O Nge7 8. d3
O-O 9. Be3 Rb8 (9... Nd4 10. e5) 10. e5 $2 {White confuses lines.} ({If} 10. d4
cxd4 11. Nxd4 Qb6 12. Na4 {Black has} Bxd4) 10... Nf5 11. Bf2 dxe5 12. fxe5 b6
13. Ne4 Nxe5 14. Nxe5 Bxe5 15. c3 Ba6 16. g4 Ng7 17. g5 Bxd3 18. Re1 Bxe4 19.
Rxe4 Qc7 20. Rh4 Nf5 21. Rh3 Rfd8 22. Qg4 Qe7 23. Re1 Bd6 24. Be4 Qf8 25. Bxf5
exf5 26. Qh4 Qg7 27. Rd1 Bxh2+ 0-1

[Event "Mechanics' Winter TNM; G/2"]
[Site "San Francisco"]
[Date "2016.02.23"]
[Round "8.48"]
[White "Harris, Clarence"]
[Black "Baterdene, Jonathan"]
[Result "1-0"]
[WhiteElo "1478"]
[BlackElo "768"]
[PlyCount "51"]
[EventDate "2016.??.??"]

1. e4 e5 2. Nf3 Nc6 3. Bb5 Bc5 4. d3 a6 5. Ba4 b5 6. Bb3 Nf6 7. Bg5 d6 8. Nc3
b4 9. Nd5 h6 10. Nxf6+ gxf6 11. Bh4 Bb7 12. Nd2 Nd4 13. Ba4+ Bc6 14. Bxc6+ Nxc6
15. Qf3 Rg8 16. Bxf6 Qd7 17. Nb3 Bd4 18. Rb1 d5 19. exd5 e4 20. Qxe4+ Kf8 21.
dxc6 Qd6 22. Qxd4 Re8+ 23. Kd2 Qxc6 24. Qc5+ Qxc5 25. Nxc5 Rxg2 26. Nd7+ 1-0

[Event "Mechanics' Alan Benson TNM; G/2"]
[Site "San Francisco"]
[Date "2016.09.13"]
[Round "7.37"]
[White "Harris, Clarence"]
[Black "Baterdene, Jonathan"]
[Result "1-0"]
[WhiteElo "1400"]
[BlackElo "966"]
[Annotator "Winslow,Elliott"]
[PlyCount "42"]
[EventDate "2016.??.??"]

1. e4 e5 2. Nf3 Nc6 3. Bb5 a6 4. Bxc6 dxc6 5. O-O Bd6 6. d4 f6 7. dxe5 fxe5 8.
Nbd2 Nf6 9. Re1 O-O 10. Nc4 Bc5 11. Qxd8 Rxd8 12. Bg5 h6 13. Bh4 g5 14. Bg3 Ng4
15. Nfxe5 Nxe5 16. Nxe5 Rd2 17. Rac1 h5 18. Nf3 Rd7 19. Nxg5 Rg7 20. Nf3 Bg4
21. Be5 (21. Ne5 Be6 22. Bh4 Rf8 23. Nd3 Ba7 24. Bg3 Bxa2 25. b3 Bd4 26. Nf4
Rg5 27. Ne6 Bb2 28. Rcd1 Bc3 29. Re2) 21... Be6 1-0

[Event "Mechanics' Fall TNM; G/2"]
[Site "San Francisco"]
[Date "2016.11.01"]
[Round "3.41"]
[White "Harris, Clarence"]
[Black "Boldi, Nicholas Ar"]
[Result "1/2-1/2"]
[WhiteElo "1400"]
[BlackElo "1133"]
[PlyCount "57"]
[EventDate "2016.??.??"]

1. e4 e6 2. d3 d5 3. Nd2 c6 4. g3 dxe4 5. Nxe4 c5 6. Bg2 Nc6 7. Nf3 b6 8. O-O
Bb7 9. Re1 Be7 10. Bd2 Nf6 11. Nxf6+ Bxf6 12. Rb1 Ne7 13. Bf4 Ng6 14. Bd2 O-O
15. Bc3 Be7 16. Ne5 Bxg2 17. Kxg2 Qd5+ 18. Kg1 Nxe5 19. Bxe5 Qxa2 20. c4 Qa6
21. Qf3 Qc8 22. Qg4 f6 23. Bc3 e5 24. Qxc8 Raxc8 25. f4 Rfd8 26. fxe5 fxe5 27.
Bxe5 Bf8 28. Re3 Re8 29. Rbe1 1/2-1/2

[Event "Mechanics' Alan Benson TNM; G/2"]
[Site "San Francisco"]
[Date "2016.09.27"]
[Round "9.30"]
[White "Harris, Clarence"]
[Black "Cunningham, Charles"]
[Result "1-0"]
[WhiteElo "1400"]
[BlackElo "1524"]
[PlyCount "69"]
[EventDate "2016.??.??"]

1. e4 e5 2. Nf3 Nc6 3. Bb5 Qf6 4. Bxc6 Qxc6 5. O-O d6 6. d3 h6 7. Nc3 Nf6 8.
Re1 Bg4 9. h3 Bh5 10. Be3 b6 11. g4 Bg6 12. Nh4 Bh7 13. Nf5 O-O-O 14. Qf3 Qd7
15. d4 Kb8 16. dxe5 dxe5 17. Rad1 Qc8 18. Rxd8 Qxd8 19. Rd1 Qc8 20. Nd5 Nxd5
21. Rxd5 f6 22. Qd1 Qe6 23. Rd7 Bxf5 24. gxf5 Qxa2 25. Rd8+ Kb7 26. Qd3 Qa5 27.
Qd7 Qb4 28. Qc8+ Kc6 29. Qa8+ Kb5 30. Rd5+ c5 31. Bd2 Qxb2 32. Qe8+ Ka6 33.
Qa4+ Kb7 34. Rd7+ Kc8 35. Qc6+ 1-0

[Event "Mechanics' Alan Benson TNM; G/2"]
[Site "San Francisco"]
[Date "2016.08.16"]
[Round "3.33"]
[White "Harris, Clarence"]
[Black "MacIntyre, Brendan"]
[Result "0-1"]
[WhiteElo "1400"]
[BlackElo "1548"]
[PlyCount "78"]
[EventDate "2016.??.??"]

1. e4 c5 2. Nc3 Nc6 3. g3 g6 4. Bg2 Bg7 5. d3 Nf6 6. f4 d6 7. Nf3 Bg4 8. O-O
Qd7 9. Re1 O-O 10. Be3 Rac8 11. Qd2 Rfd8 12. Bf2 Bxf3 13. Bxf3 Ng4 14. Bxg4
Qxg4 15. Kg2 Qd7 16. Re2 e6 17. Rae1 a6 18. e5 dxe5 19. fxe5 Ne7 20. Kg1 Nf5
21. Ne4 Qe7 22. Qf4 Rd5 23. Nc3 Rdd8 24. Ne4 b5 25. g4 Nd4 26. Bxd4 Rxd4 27. c3
Rxd3 28. Nf6+ Kh8 29. g5 c4 30. Qh4 Bxf6 31. gxf6 Qc5+ 32. Kh1 h5 33. Qg5 Kh7
34. Re4 Qf2 35. Qg2 Qxg2+ 36. Kxg2 Rcd8 37. R4e2 g5 38. Kf2 Kg6 39. Re3 Kf5 0-1

[Event "Mechanics' Fall TNM; G/2"]
[Site "San Francisco"]
[Date "2016.10.18"]
[Round "1.22"]
[White "Harris, Clarence"]
[Black "Maser, Thomas F"]
[Result "0-1"]
[WhiteElo "1400"]
[BlackElo "1946"]
[Annotator "Donaldson"]
[PlyCount "48"]
[EventDate "2016.??.??"]

1. e4 e5 2. Nf3 Nc6 3. Bb5 a6 4. Bxc6 dxc6 5. O-O Bd6 6. d4 Qe7 $6 (6... exd4)
(6... Bg4) (6... f6) 7. dxe5 Bxe5 8. Nxe5 Qxe5 9. f4 (9. Nc3 Nf6 10. Qf3 O-O
11. Bf4 Qe7 12. e5 {gives White a nice initiative.}) 9... Qc5+ 10. Kh1 Bd7 11.
Qe2 O-O-O 12. Be3 Qe7 13. Bd4 f5 14. e5 Be6 15. Qf2 Nh6 16. h3 g5 17. Bc5 (17.
fxg5) 17... Qg7 18. Nc3 g4 19. Rad1 b6 20. Rxd8+ Rxd8 21. Be3 Kb7 22. Qh4 Rg8
23. Qg5 gxh3 24. gxh3 $4 (24. Qxg7) 24... Qf7 0-1

[Event "Mechanics' Fall TNM; G/2"]
[Site "San Francisco"]
[Date "2016.11.15"]
[Round "5.27"]
[White "Harris, Clarence"]
[Black "McKellar, Daniel"]
[Result "1/2-1/2"]
[WhiteElo "1400"]
[BlackElo "1745"]
[PlyCount "46"]
[EventDate "2016.??.??"]

1. e4 c5 2. Nc3 Nc6 3. g3 g6 4. Bg2 Bg7 5. d3 d6 6. f4 e5 7. fxe5 (7. Nh3 Nge7
8. O-O O-O $2 (8... exf4) 9. f5 gxf5 10. exf5 Bxf5 11. Rxf5 Nxf5 12. Be4 Nfe7 (
12... Ncd4 13. Qh5 Qd7 14. g4) (12... Nfd4 13. Qh5 f5 14. Bd5+ Kh8 15. Ng5 h6
16. Qg6 hxg5 17. Qh5+) 13. Bxh7+ Kxh7 14. Qh5+ Kg8 15. Ng5 Re8 16. Qxf7+ Kh8
17. Ne6) 7... Nxe5 8. Be3 Ne7 9. Nf3 Bg4 10. O-O O-O 11. Qd2 Nxf3+ 12. Bxf3
Bxf3 13. Rxf3 Nc6 14. Rb1 Ne5 15. Rff1 Ng4 16. Kg2 Rb8 17. Bf4 b5 18. Nd5 Be5
19. Bxe5 Nxe5 20. Nf6+ Kg7 21. Qg5 h6 22. Nh5+ Kh7 23. Nf6+ Kg7 1/2-1/2

[Event "Mechanics' Fall TNM; G/2"]
[Site "San Francisco"]
[Date "2016.12.06"]
[Round "8.37"]
[White "Harris, Clarence"]
[Black "Otterbach, Renate"]
[Result "1-0"]
[WhiteElo "1400"]
[BlackElo "991"]
[PlyCount "43"]
[EventDate "2016.??.??"]

1. e4 e6 2. d3 d5 3. Nd2 c5 4. Ngf3 Nf6 5. g3 Nc6 6. Bg2 b6 7. O-O Bb7 8. Re1
d4 9. e5 Nd5 10. Ne4 h6 11. h4 Be7 12. h5 Qc7 13. Ned2 f6 14. exf6 Nxf6 15.
Rxe6 O-O-O 16. Nh4 Rd6 17. Rxd6 Bxd6 18. Nf5 Be5 19. Nc4 Re8 20. Nxe5 Nxe5 21.
Bxb7+ Qxb7 $4 22. Nd6+ 1-0

[Event "Mechanics' Winter TNM; G/2"]
[Site "San Francisco"]
[Date "2016.02.09"]
[Round "6.53"]
[White "Harris, Clarence"]
[Black "Snead, Tallulah McCarty"]
[Result "1-0"]
[WhiteElo "1478"]
[BlackElo "160"]
[PlyCount "55"]
[EventDate "2016.??.??"]

1. e4 e5 2. Nf3 Nc6 3. Bc4 Nf6 4. Nc3 Bc5 5. O-O O-O 6. d3 d6 7. Bg5 Bg4 8. h3
Bh5 9. Na4 h6 10. Bh4 Rb8 11. g4 Bg6 12. Qd2 a6 13. Nxc5 dxc5 14. Bd5 Bh7 15.
Bxc6 bxc6 16. c3 Rb7 17. Nxe5 Qe8 18. Nf3 Qb8 19. Rab1 Rxb2 $4 20. Rxb2 Qa7 21.
Qe2 g5 22. Bg3 Re8 23. Ne5 Rf8 24. Qf3 Kg7 25. Nxc6 Qb6 26. Rxb6 cxb6 27. Be5
Kg6 28. Qxf6# 1-0

[Event "Mechanics' Winter TNM; G/2"]
[Site "San Francisco"]
[Date "2016.01.19"]
[Round "3.43"]
[White "Harris, Clarence"]
[Black "Touset, Stephen"]
[Result "0-1"]
[WhiteElo "1478"]
[BlackElo "1152"]
[PlyCount "68"]
[EventDate "2016.??.??"]

1. e4 c5 2. Nc3 d6 3. f4 Nf6 4. d3 e6 5. Nf3 Be7 6. g3 Nc6 7. Bg2 O-O 8. O-O a6
9. Re1 e5 10. f5 b5 11. Bg5 Ne8 12. Bxe7 Nxe7 13. g4 b4 14. Ne2 Nc6 15. g5 g6
16. f6 Bg4 17. h3 Bd7 18. Rf1 Qc8 19. Kh2 Nd8 20. Qe1 Ne6 21. Qh4 N8c7 22. Qh6
Ne8 23. h4 Kh8 24. Ng3 Nf4 25. h5 Rg8 26. Rh1 Bh3 27. hxg6 Rxg6 28. Qh4 Bxg2
29. Nf5 Bxf3 30. Kg3 Bxh1 31. Rxh1 Nxf6 32. Kf3 N6h5 33. Ne7 Qe6 34. Nxg6+ fxg6
0-1

[Event "Mechanics' Spring TNM; G/2"]
[Site "San Francisco"]
[Date "2016.05.03"]
[Round "8.51"]
[White "Henriques, Keith A"]
[Black "Cowgill, Jackie"]
[Result "0-1"]
[WhiteElo "141"]
[BlackElo "956"]
[PlyCount "50"]
[EventDate "2016.??.??"]

1. e4 e5 2. d4 exd4 3. Nf3 Nc6 4. Nbd2 d6 5. Nc4 Nf6 6. Bd3 b5 7. Bg5 bxc4 8.
Bxc4 Be7 9. Bb5 Bb7 10. Nxd4 O-O 11. O-O Nxd4 12. Qxd4 c5 13. Qe3 Rb8 14. e5
dxe5 15. Qxe5 Bxg2 16. Kxg2 Rxb5 17. Rad1 Nd7 18. Qc3 Bxg5 19. Rd5 Qa8 20. Qc4
Rbb8 21. Kg3 Nf6 22. Rxg5 h6 23. Rxc5 Rbc8 24. Rd1 Rxc5 25. Qxc5 Ne4+ 0-1

[Event "Mechanics' Winter TNM; G/2"]
[Site "San Francisco"]
[Date "2016.02.02"]
[Round "5.35"]
[White "Henriques, Keith A"]
[Black "Gerwin, Gene"]
[Result "0-1"]
[WhiteElo "140"]
[BlackElo "1859"]
[PlyCount "46"]
[EventDate "2016.??.??"]

1. d4 b6 2. c4 Bb7 3. e3 f5 4. Nf3 Nf6 5. Nc3 e6 6. Bd3 Bb4 7. a3 Bxc3+ 8. bxc3
O-O 9. O-O Ne4 10. Bxe4 Bxe4 11. c5 bxc5 12. dxc5 Na6 13. Qd4 Bxf3 14. gxf3 Qe7
15. c6 d6 16. Rb1 Nc5 17. Rd1 Qe8 18. e4 fxe4 19. fxe4 Qg6+ 20. Kf1 Nxe4 21. f3
Rxf3+ 22. Ke2 Qg2+ 23. Ke1 Rf1# 0-1

[Event "Mechanics' Fall TNM; G/2"]
[Site "San Francisco"]
[Date "2016.10.25"]
[Round "2.23"]
[White "Hilliard, Michael"]
[Black "Argo, Guy"]
[Result "0-1"]
[WhiteElo "1400"]
[BlackElo "1911"]
[PlyCount "30"]
[EventDate "2016.??.??"]

1. d4 e6 2. Nf3 f5 3. Bf4 c5 4. e3 Nf6 5. Bd3 Nc6 6. h4 (6. c3) 6... Qb6 7. b3
cxd4 8. exd4 Nxd4 9. Nbd2 Nxf3+ 10. Qxf3 d5 11. O-O-O Ba3+ 12. Kb1 O-O 13. Be5
Ng4 14. Rhe1 {Diagram [#]} Nxe5 $1 15. Rxe5 Qd4 0-1

[Event "Mechanics' Alan Benson TNM; G/2"]
[Site "San Francisco"]
[Date "2016.08.02"]
[Round "1.19"]
[White "Hilliard, Michael"]
[Black "Askin, David Benja"]
[Result "0-1"]
[WhiteElo "1400"]
[BlackElo "1958"]
[PlyCount "56"]
[EventDate "2016.??.??"]

1. d4 Nf6 2. Nf3 g6 3. e3 Bg7 4. Nbd2 O-O 5. b3 c5 6. c3 d5 7. Bb2 cxd4 8. cxd4
Nc6 9. Bd3 Bd7 10. O-O Nb4 11. Be2 Bf5 12. a3 Bc2 13. Qe1 Nd3 14. Bxd3 Bxd3 15.
Rc1 Bxf1 16. Qxf1 Rc8 17. Rb1 Qd6 18. b4 Rc7 19. Nb3 Rfc8 20. Nc5 b6 21. Nd3
Ne4 22. Qd1 Nc3 23. Bxc3 Rxc3 24. a4 f6 25. b5 Qa3 26. Nb4 Rc1 27. Nc6 Rxd1+
28. Rxd1 Kf7 0-1

[Event "Mechanics' Winter TNM; G/2"]
[Site "San Francisco"]
[Date "2016.01.05"]
[Round "1.22"]
[White "Hilliard, Michael"]
[Black "Bayaraa, Chinguun"]
[Result "0-1"]
[WhiteElo "1400"]
[BlackElo "1889"]
[PlyCount "64"]
[EventDate "2016.??.??"]

1. d4 Nf6 2. Nf3 d5 3. e3 e6 4. Bd3 c5 5. c3 Be7 6. Nbd2 Nbd7 7. O-O O-O 8. Re1
b6 9. e4 dxe4 10. Nxe4 Bb7 11. Qc2 Qc7 12. Bg5 h6 13. Be3 c4 14. Nxf6+ Nxf6 15.
Be2 Bd6 16. g3 b5 17. Qc1 Rae8 18. Bxh6 gxh6 19. Qxh6 Nh7 20. Ng5 f6 21. Qg6+
Qg7 22. Qxg7+ Kxg7 23. Bf3 Bxf3 24. Nxf3 Kf7 25. h4 Rg8 26. Kg2 Rg7 27. Ng1
Reg8 28. Ne2 Nf8 29. h5 Rg5 30. Rh1 Rh8 31. h6 Rg6 32. Kf3 Rgxh6 0-1

[Event "Mechanics' Fall TNM; G/2"]
[Site "San Francisco"]
[Date "2016.12.06"]
[Round "8.28"]
[White "Hilliard, Michael"]
[Black "Casares Jr, Nick"]
[Result "1-0"]
[WhiteElo "1400"]
[BlackElo "1617"]
[Annotator "Donaldson"]
[PlyCount "57"]
[EventDate "2016.??.??"]

1. d4 d5 2. Nf3 Bf5 3. e3 Nf6 4. Nbd2 e6 5. c4 c6 6. Qb3 Qc7 7. Ne5 Nbd7 8.
Ndf3 Bd6 9. Qc3 Ne4 10. Qb3 O-O 11. Nxd7 Qxd7 12. cxd5 exd5 13. Bd3 c5 14. Qxd5
Rfe8 15. Ne5 Bxe5 16. Qxd7 Bxd7 17. dxe5 Rxe5 18. O-O Bc6 19. f3 Nd6 20. b3
Rae8 21. e4 Bb5 22. Rd1 c4 23. bxc4 (23. Bf1 $1) 23... Bxc4 $2 {Diagram [#]} (
23... Nxc4) 24. Bf4 {Winning a piece.} R5e6 25. Bxd6 Bxd3 26. Rxd3 Rd8 27. e5
f6 28. f4 fxe5 29. fxe5 {and White later won.} 1-0

[Event "Mechanics' Summer TNM; G/2"]
[Site "San Francisco"]
[Date "2016.06.14"]
[Round "4.45"]
[White "Hilliard, Michael"]
[Black "Chan, John"]
[Result "0-1"]
[WhiteElo "1406"]
[BlackElo "1578"]
[PlyCount "114"]
[EventDate "2016.??.??"]

1. d4 Nf6 2. Nf3 h6 3. e3 d5 4. Bd3 c6 5. Nbd2 a6 6. O-O g5 7. e4 Bg7 8. e5 Ng8
9. c4 e6 10. Ne1 h5 11. f4 g4 12. f5 Bh6 13. fxe6 Bxe6 14. c5 Be3+ 15. Kh1 Bxd4
16. Bf5 Bxe5 17. Qe2 Qc7 18. Bxe6 fxe6 19. Nd3 Nd7 20. Nxe5 Qxe5 21. Qf2 O-O-O
22. Nb3 Rf8 23. Bf4 Qg7 24. Qd2 e5 25. Bg5 Ndf6 26. Bh4 Ne4 27. Qa5 Nh6 28. Qb6
Qc7 29. Qa7 Nf5 30. Be1 Ne3 31. Rxf8+ Rxf8 32. Ba5 Qb8 33. Qb6 Nc4 34. Qb4 Nf2+
35. Kg1 h4 36. Rf1 g3 37. Qe1 gxh2+ 38. Kxh2 e4+ 39. Kg1 Qg3 40. Rxf2 Rxf2 41.
Qxf2 Qxf2+ 42. Kxf2 Nxb2 43. Ke2 Nd3 44. Bd2 Kd7 45. Be3 Nb4 46. a4 Nd3 47. a5
Ke6 48. Bg5 Kf5 49. Bxh4 Nf4+ 50. Kf2 Ne6 51. Ke3 Kg4 52. Bf2 Nf4 53. g3 Ne6
54. Be1 Ng5 55. Nd4 Nf7 56. Nb3 Ne5 57. Nd2 Nd3 0-1

[Event "Mechanics' Alan Benson TNM; G/2"]
[Site "San Francisco"]
[Date "2016.09.13"]
[Round "7.38"]
[White "Hilliard, Michael"]
[Black "Erdenebat, Erdenem"]
[Result "1-0"]
[WhiteElo "1400"]
[BlackElo "568"]
[PlyCount "65"]
[EventDate "2016.??.??"]

1. d4 d5 2. Nf3 Nf6 3. e3 Bf5 4. Nbd2 e6 5. c4 Nc6 6. Qb3 Na5 7. Qb5+ c6 8. Qa4
Be7 9. b4 Nxc4 10. Bxc4 dxc4 11. Nxc4 O-O 12. O-O b5 13. Qb3 bxc4 14. Qxc4 Bg4
15. Ne5 Qd6 16. Bd2 Qc7 17. Rac1 Rac8 18. Nxc6 Ne4 19. Be1 Nf6 20. h3 Bf5 21.
b5 Be4 22. Ba5 Qd6 23. a4 Bd8 24. Bb4 Bd3 25. Qxd3 Qxb4 26. Nxb4 Rxc1 27. Rxc1
Nd5 28. Nxd5 exd5 29. Rc8 g6 30. Qb3 Bf6 31. Rxf8+ Kxf8 32. Qxd5 Bg7 33. Qd8#
1-0

[Event "Mechanics' Spring TNM; G/2"]
[Site "San Francisco"]
[Date "2016.04.26"]
[Round "7.45"]
[White "Hilliard, Michael"]
[Black "Erdenebileg, Enkhjin"]
[Result "1/2-1/2"]
[WhiteElo "1400"]
[BlackElo "1089"]
[Annotator "Donaldson"]
[PlyCount "91"]
[EventDate "2016.??.??"]

1. d4 d5 2. Nf3 Nc6 3. e3 Nf6 4. Nbd2 Bf5 5. c4 dxc4 6. Bxc4 e6 7. O-O Bd6 8.
Re1 e5 9. d5 Na5 10. Qa4+ c6 11. e4 b5 12. Bxb5 cxb5 13. Qxb5+ Bd7 14. Qe2 O-O
15. a3 a6 16. b4 Bb5 17. Qd1 Nc4 18. Nxc4 Bxc4 19. Bb2 Re8 20. Rc1 Rc8 21. Nd2
Bb5 22. Nb3 Rxc1 23. Qxc1 Ba4 24. Nc5 Bb5 25. Qc3 Qb6 26. a4 Bd7 27. Ba3 Rc8
28. Qe3 a5 29. bxa5 Qxa5 30. Nxd7 Bxa3 31. Nxf6+ gxf6 32. Ra1 (32. Qxa3 Qxe1#)
32... Bb2 33. Rf1 Qxa4 34. Qb6 Qc2 35. Qxf6 Qxe4 36. d6 Rc1 37. Qg5+ Kf8 38.
Qe7+ Kg7 39. Qg5+ Kh8 40. Qd8+ Kg7 41. Qg5+ Kh8 42. Rxc1 Bxc1 43. Qxc1 Qd5 44.
Qc8+ Kg7 45. Qg4+ Kf8 46. d7 1/2-1/2

[Event "Mechanics' Alan Benson TNM; G/2"]
[Site "San Francisco"]
[Date "2016.08.09"]
[Round "2.29"]
[White "Hilliard, Michael"]
[Black "Kuczek, Kevin W"]
[Result "0-1"]
[WhiteElo "1400"]
[BlackElo "1742"]
[PlyCount "84"]
[EventDate "2016.??.??"]

1. d4 Nf6 2. Nf3 d5 3. e3 c5 4. c3 Nc6 5. Bd3 cxd4 6. cxd4 Bg4 7. a3 e6 8. Nbd2
Bd6 9. O-O O-O 10. Qc2 Rc8 11. Qb1 a5 12. Ng5 h6 13. Ngf3 Qe7 14. h3 Bxf3 15.
Nxf3 Rc7 16. e4 dxe4 17. Bxe4 Nxe4 18. Qxe4 Rfc8 19. Re1 Qf6 20. Be3 Rd8 21.
Rac1 Rcd7 22. Rc2 Bb8 23. Rc4 Rd5 24. b4 axb4 25. axb4 Ba7 26. Rb1 Rb5 27. Rxc6
bxc6 28. Qxc6 Rdb8 29. Qc7 R5b7 30. Qc4 Qf5 31. Rb2 Qb5 32. Qxb5 Rxb5 33. Bd2
Rd5 34. Be3 Rdb5 35. Bd2 f6 36. Kf1 Rd5 37. Be3 e5 38. dxe5 Bxe3 39. fxe3 fxe5
40. Ke2 Kf7 41. e4 Rdb5 42. Rd2 Ke6 0-1

[Event "Mechanics' Winter TNM; G/2"]
[Site "San Francisco"]
[Date "2016.01.26"]
[Round "4.25"]
[White "Hilliard, Michael"]
[Black "Marcus, Joel"]
[Result "1/2-1/2"]
[WhiteElo "1400"]
[BlackElo "1893"]
[PlyCount "72"]
[EventDate "2016.??.??"]

1. d4 d5 2. Nf3 Nc6 3. e3 Bg4 4. c4 e6 5. cxd5 Qxd5 6. Nc3 Bb4 7. Be2 Nf6 8.
O-O Bxc3 9. bxc3 O-O 10. c4 Qd7 11. Rb1 b6 12. Qc2 Bf5 13. Bd3 Bxd3 14. Qxd3 e5
15. Qc2 e4 16. Nd2 Rfe8 17. f3 Qe7 18. fxe4 Nxe4 19. Rf4 Nf6 20. Nf3 h6 21. Rb5
Nd8 22. Re5 Qd7 23. Rxe8+ Qxe8 24. e4 Ne6 25. Rh4 Nf8 26. e5 Ng6 27. Rh3 Nh7
28. Nh4 Nxh4 29. Rxh4 Qe7 30. Qe4 Re8 31. Qd3 c5 32. Be3 Rd8 33. Re4 Ng5 34.
Rh4 Qd7 35. Rh5 cxd4 36. Bxg5 Qe8 1/2-1/2

[Event "Mechanics' Summer TNM; G/2"]
[Site "San Francisco"]
[Date "2016.06.28"]
[Round "6.45"]
[White "Hilliard, Michael"]
[Black "Orgilmunkh, Tselmeg"]
[Result "1-0"]
[WhiteElo "1406"]
[BlackElo "514"]
[PlyCount "59"]
[EventDate "2016.??.??"]

1. d4 Nc6 2. e3 d5 3. Nf3 Bf5 4. Nbd2 Nf6 5. Bb5 e5 6. Nxe5 Bd6 7. Nxc6 bxc6 8.
Bxc6+ Bd7 9. Bxa8 Qxa8 10. O-O Qd8 11. Re1 Ne4 12. Nf3 Be7 13. c3 Bh4 14. Nxh4
Qxh4 15. Rf1 Bg4 16. f3 h5 17. Qc2 Ng5 18. Qf2 Nh3+ 19. gxh3 Qg5 20. fxg4 hxg4
21. hxg4 Qxg4+ 22. Qg2 Qh5 23. e4 dxe4 24. Qxe4+ Kd7 25. Bf4 Qg4+ 26. Qg2 Qh5
27. Bg3 f5 28. Qf3 Qh3 29. Qxf5+ Qxf5 30. Rxf5 1-0